000 01230nac a22003497a 4500
001 BR8200719
003 BR-BrBNA
005 20240105115228.0
008 230509b bl.|||m| |||| 00| 0 por d
040 _aBR-BrBNA
_bpor
_cBiblioteca Nacional de Agricultura
072 _aQ20; D50
090 _a9000 BR8200719
100 1 _aStellfeld, A.M. de C.
100 1 _aGoncalves, A.L.
100 1 _aRoss, J.R. da
100 1 _aAlmeida, M.E.W. de
100 1 _aLara, W.H.
110 1 _aCoordenadoria de Assistencia Tecnica Integral, Campinas, SP (Brasil)
245 1 _aResiduos de pesticidas em alimentos no Brasil [Toxicologia de alimento; Microbiologia de alimento; Legislacao]
246 1 _a[Pesticide residues in food in Brazil [Food toxicology; Food microbiology; Legislation]]
260 3 _aCampinas, SP (Brasil):
_cJan 1981.
300 _a239 p.
490 _aDocumento Tecnico - Coordenadoria de Assistencia Tecnica Integral (Brazil)
_vno. 32
_x
650 _aToxicologia de alimento
650 _aMicrobiologia de alimento
650 _aLegislacao
650 _aAlimento
650 _aPesticida
650 _aResiduo quimico
909 _a202312
_bLúcia Elande
_c55
_dLúcia Elande
942 _2AGRIS
_n0
_cMS
999 _c273770
_d273770